000 00642nam a22002297a 4500
999 _c2855
_d2855
003 AR-CdUCM
008 190305b ||||| |||| 00| 0 spa d
020 _a84-9764-494-8
040 _aMUNICIPALIDAD PROVINCIAL DEL CUSCO
_cBIBLIOTECA MUNICIPAL DEL CUSCO
041 _hrus
082 _a891.741 /
_bM2005
100 _aGorki, Máximo
_99896
245 _aLa madre /
260 _aMadrid :
_bEdimat Libros,
_c[2005].
300 _a423 Páginas ;
_bIlustraciones,
_c20 cm.
505 _aContenido: Narrativa.
650 _aNovelas rusas
_92132
650 _aSiglo XX
_98
650 _aMadre
_95235
942 _2ddc
_cLIBROS
945 _adavv